[Event "Guelph Winter Pro-Am U2000"]
[Site "Guelph CAN"]
[Date "2012.02.10"]
[Round "1"]
[White "Deline, Ralph"]
[Black "Von Keitz, Michael"]
[Result "0-1"]
[WhiteElo "1783"]
[BlackElo "1666"]
[PlyCount "128"]
[GameId "2160767909576589"]
[EventDate "2012.02.10"]
[EventType "swiss"]
[EventRounds "5"]
[EventCountry "CAN"]
[SourceTitle "EXT 2022"]
[Source "ChessBase"]
[SourceDate "2021.10.06"]
[SourceVersion "1"]
[SourceVersionDate "2021.10.06"]
[SourceQuality "1"]

1. Nf3 Nf6 2. g3 g6 3. Bg2 Bg7 4. O-O O-O 5. c4 d5 6. cxd5 Nxd5 7. Nc3 b6 8. e4 Nb4 9. d4 Ba6 10. Re1 Nd3 11. e5 Nxe1 12. Nxe1 c6 13. Nf3 Bb7 14. Be3 Na6 15. Qb3 Nc7 16. Nd2 Ne6 17. Ne2 Qd7 18. f4 Nc7 19. Nc4 Nd5 20. Bf2 Ba6 21. Rc1 Rac8 22. Nc3 Nxc3 23. Qxc3 Qe6 24. b3 Rc7 25. Ne3 Rfc8 26. Qc2 Qd7 27. Rd1 e6 28. g4 Bb7 29. Bh3 f5 30. Nc4 Bf8 31. Bh4 c5 32. dxc5 Bxc5+ 33. Kf1 Qc6 34. Bg2 Qxg2+ 35. Qxg2 Bxg2+ 36. Kxg2 b5 37. Nd6 Bxd6 38. exd6 Rd7 39. gxf5 gxf5 40. Rd2 Kf7 41. Be7 Rc3 42. h4 Ke8 43. Re2 Rxe7 44. dxe7 Kxe7 45. Rd2 Rc6 46. Kf3 Rc3+ 47. Kg2 Rc7 48. Kf3 Rd7 49. Re2 Rd3+ 50. Kg2 Kd6 51. Rc2 a5 52. Re2 a4 53. bxa4 bxa4 54. Rb2 Kd5 55. Re2 Kc4 56. Rxe6 Rd2+ 57. Kg3 Rxa2 58. Rh6 Ra3+ 59. Kg2 Re3 60. Rxh7 a3 61. Ra7 Kb3 62. Rb7+ Kc2 63. Ra7 Kb2 64. h5 a2 0-1

[Event "Guelph Winter Pro-Am U2000"]
[Site "Guelph CAN"]
[Date "2012.02.10"]
[Round "1"]
[White "Forsyth, Barry"]
[Black "Glew, Richard"]
[Result "1-0"]
[WhiteElo "1667"]
[BlackElo "1790"]
[PlyCount "59"]
[GameId "2160767909576590"]
[EventDate "2012.02.10"]
[EventType "swiss"]
[EventRounds "5"]
[EventCountry "CAN"]
[SourceTitle "EXT 2022"]
[Source "ChessBase"]
[SourceDate "2021.10.06"]
[SourceVersion "1"]
[SourceVersionDate "2021.10.06"]
[SourceQuality "1"]

1. e4 c5 2. Nf3 e6 3. d4 cxd4 4. Nxd4 a6 5. Bd3 Bc5 6. Be3 Qb6 7. c3 Nc6 8. O-O Bxd4 9. cxd4 Qxb2 10. Nd2 Nxd4 11. Nc4 Qc3 12. Rc1 Nf3+ 13. gxf3 Qb4 14. e5 Ne7 15. Nd6+ Kf8 16. f4 b6 17. Rc7 Nd5 18. Rxc8+ Ke7 19. Rxa8 Rxa8 20. Qb3 Qa5 21. Nb7 Qb4 22. Qxb4+ Nxb4 23. Bc4 Rc8 24. Nd6 Rc6 25. Rb1 Nd5 26. Bxa6 Nc3 27. Rxb6 Nxa2 28. Rxc6 dxc6 29. Bc4 Nc3 30. Ne4 1-0

[Event "Guelph Winter Pro-Am U2000"]
[Site "Guelph CAN"]
[Date "2012.02.10"]
[Round "1"]
[White "Gillis, Doug"]
[Black "Zotkin, Daniel"]
[Result "0-1"]
[WhiteElo "1604"]
[BlackElo "1766"]
[PlyCount "128"]
[GameId "2160767909576591"]
[EventDate "2012.02.10"]
[EventType "swiss"]
[EventRounds "5"]
[EventCountry "CAN"]
[SourceTitle "EXT 2022"]
[Source "ChessBase"]
[SourceDate "2021.10.06"]
[SourceVersion "1"]
[SourceVersionDate "2021.10.06"]
[SourceQuality "1"]

1. d4 d5 2. Nc3 Nf6 3. Bg5 Nbd7 4. Qd3 e6 5. e4 dxe4 6. Nxe4 Be7 7. Nf3 Nxe4 8. Bxe7 Nxf2 9. Bxd8 Nxd3+ 10. Bxd3 Kxd8 11. Ng5 Ke7 12. Nxh7 f6 13. O-O c5 14. c3 cxd4 15. cxd4 b6 16. Rae1 Bb7 17. Rf4 Rad8 18. Rg4 g5 19. h4 gxh4 20. Rg7+ Kd6 21. Nxf6 h3 22. gxh3 Rxh3 23. Nxd7 Rxd7 24. Rxd7+ Kxd7 25. Be4 Bxe4 26. Rxe4 Rd3 27. Kf2 Rd2+ 28. Re2 Rxd4 29. Ke3 Rd5 30. Rg2 Kd6 31. Rg7 a5 32. Rb7 Kc6 33. Re7 Rd6 34. Re8 Kb5 35. Rg8 Rd1 36. Rg5+ Kc6 37. Rg2 Ra1 38. a3 Kb5 39. Kd3 Rc1 40. Re2 Rc6 41. Re4 Rd6+ 42. Kc3 Kc6 43. Rc4+ Kd5 44. Rg4 b5 45. Rg8 Rc6+ 46. Kb3 Rc5 47. Rd8+ Ke4 48. Ra8 a4+ 49. Kb4 Rd5 50. Kc3 Rd3+ 51. Kc2 e5 52. Rb8 Rb3 53. Rh8 Kf4 54. Rh4+ Kg5 55. Rh8 e4 56. Rf8 e3 57. Rg8+ Kf4 58. Rf8+ Kg3 59. Rg8+ Kf2 60. Rf8+ Ke1 61. Rf7 e2 62. Rf5 Rh3 63. Kc1 Rh4 64. Rc5 Rc4+ 0-1

[Event "Guelph Winter Pro-Am U2000"]
[Site "Guelph CAN"]
[Date "2012.02.10"]
[Round "1"]
[White "Hare, Scott"]
[Black "Yu, Patrick"]
[Result "1/2-1/2"]
[WhiteElo "1946"]
[BlackElo "1699"]
[PlyCount "152"]
[GameId "2160767909576592"]
[EventDate "2012.02.10"]
[EventType "swiss"]
[EventRounds "5"]
[EventCountry "CAN"]
[SourceTitle "EXT 2022"]
[Source "ChessBase"]
[SourceDate "2021.10.06"]
[SourceVersion "1"]
[SourceVersionDate "2021.10.06"]
[SourceQuality "1"]

1. e4 c5 2. c3 Nf6 3. e5 Nd5 4. d4 cxd4 5. Nf3 e6 6. cxd4 Nc6 7. Nc3 Nb6 8. Bg5 Be7 9. Bxe7 Qxe7 10. Be2 O-O 11. O-O d6 12. exd6 Qxd6 13. Qd2 Nd5 14. Nb5 Qd7 15. Ne5 Nxe5 16. dxe5 a6 17. Nd6 f6 18. f4 b5 19. Bf3 Bb7 20. f5 Bc6 21. fxe6 Qxe6 22. Rfd1 Ne7 23. Bxc6 Nxc6 24. Qd5 Qxd5 25. Rxd5 Nxe5 26. Rad1 Rfd8 27. h3 Rd7 28. Nf5 Rad8 29. Rxd7 Rxd7 30. Rxd7 Nxd7 31. Kf2 Kf7 32. Nd6+ Kg6 33. Ke3 Kg5 34. Ne8 g6 35. Nc7 Kh4 36. Nxa6 Kg3 37. Nc7 Kxg2 38. Nxb5 Kxh3 39. a4 g5 40. a5 g4 41. Nd4 g3 42. b4 g2 43. Nf3 Ne5 44. Ng1+ Kh2 45. Ne2 Nc6 46. a6 Na7 47. Kd4 g1=Q+ 48. Nxg1 Kxg1 49. Kc5 f5 50. b5 f4 51. b6 f3 52. bxa7 f2 53. a8=Q f1=Q 54. Qg8+ Kh2 55. Qxh7+ Kg3 56. Qg6+ Kh4 57. Qe4+ Kg5 58. Qd5+ Kh6 59. Qc6+ Kg7 60. Qc7+ Kh6 61. Qc6+ Kg7 62. Kb6 Qf2+ 63. Kb7 Qb2+ 64. Qb6 Qg2+ 65. Kb8 Kh8 66. a7 Qg8+ 67. Kb7 Qd5+ 68. Qc6 Qb3+ 69. Qb6 Qd5+ 70. Kc8 Qf5+ 71. Kc7 Qf7+ 72. Kb8 Qg8+ 73. Kb7 Qd5+ 74. Ka6 Qa2+ 75. Kb5 Qb3+ 76. Kc5 Qc3+ 1/2-1/2

[Event "Guelph Winter Pro-Am U2000"]
[Site "Guelph CAN"]
[Date "2012.02.10"]
[Round "1"]
[White "Jizan, Masoud"]
[Black "Gashgarian, Robert"]
[Result "0-1"]
[WhiteElo "1685"]
[BlackElo "1946"]
[PlyCount "82"]
[GameId "2160767909576593"]
[EventDate "2012.02.10"]
[EventType "swiss"]
[EventRounds "5"]
[EventCountry "CAN"]
[SourceTitle "EXT 2022"]
[Source "ChessBase"]
[SourceDate "2021.10.06"]
[SourceVersion "1"]
[SourceVersionDate "2021.10.06"]
[SourceQuality "1"]

1. d4 e6 2. c4 Nf6 3. Nc3 Bb4 4. Bd2 c5 5. a3 cxd4 6. axb4 dxc3 7. Bxc3 O-O 8. Nf3 Ne4 9. e3 Nc6 10. Bd3 Nxc3 11. bxc3 Qf6 12. Rc1 d6 13. O-O e5 14. Qc2 h6 15. h3 Bxh3 16. gxh3 Qxf3 17. Kh2 a5 18. b5 Nd8 19. Rg1 Qf6 20. Be4 Qe7 21. Qe2 f5 22. Bd5+ Kh7 23. Qh5 Rf6 24. Rg2 Ne6 25. Rcg1 Rg8 26. Rg6 Qe8 27. Rxg7+ Nxg7 28. Bxg8+ Qxg8 29. Qf3 Qf7 30. Qe2 b6 31. Qf3 e4 32. Qe2 Ne6 33. Qd1 Nc5 34. Qd4 Rg6 35. Rxg6 Qxg6 36. Qd1 Nd3 37. Qe2 Qe6 38. Qh5 Nxf2 39. Kg2 Nd3 40. Qh4 Qg6+ 41. Kf1 Qg5 0-1

[Event "Guelph Winter Pro-Am U2000"]
[Site "Guelph CAN"]
[Date "2012.02.10"]
[Round "1"]
[White "Jordan, John1"]
[Black "Hendon, Lee"]
[Result "1-0"]
[WhiteElo "1729"]
[BlackElo "1635"]
[PlyCount "57"]
[GameId "2160767909576594"]
[EventDate "2012.02.10"]
[EventType "swiss"]
[EventRounds "5"]
[EventCountry "CAN"]
[SourceTitle "EXT 2022"]
[Source "ChessBase"]
[SourceDate "2021.10.06"]
[SourceVersion "1"]
[SourceVersionDate "2021.10.06"]
[SourceQuality "1"]

1. d4 d5 2. c4 e6 3. Nc3 c6 4. Nf3 Nd7 5. cxd5 exd5 6. g3 Bd6 7. Bg2 Ngf6 8. Qc2 Nf8 9. O-O Ng6 10. Bg5 h6 11. Bxf6 Qxf6 12. e4 dxe4 13. Nxe4 Qd8 14. Rad1 O-O 15. d5 Bf5 16. dxc6 Rc8 17. Qa4 Bxe4 18. Qxe4 Rxc6 19. Nd4 Rb6 20. Nf5 Qf6 21. Rxd6 Rxd6 22. Nxd6 Qxd6 23. Qxb7 Rb8 24. Qxa7 Rxb2 25. Qa8+ Kh7 26. Be4 Qe6 27. Bd5 Qg4 28. Bxf7 Nh4 29. Qg8# 1-0

[Event "Guelph Winter Pro-Am U2000"]
[Site "Guelph CAN"]
[Date "2012.02.10"]
[Round "1"]
[White "Noritsyn, Sergey"]
[Black "Forsyth, Garrett"]
[Result "1-0"]
[WhiteElo "1714"]
[BlackElo "1603"]
[PlyCount "100"]
[GameId "2160767909576595"]
[EventDate "2012.02.10"]
[EventType "swiss"]
[EventRounds "5"]
[EventCountry "CAN"]
[SourceTitle "EXT 2022"]
[Source "ChessBase"]
[SourceDate "2021.10.06"]
[SourceVersion "1"]
[SourceVersionDate "2021.10.06"]
[SourceQuality "1"]

1. b3 c5 2. Bb2 d5 3. e3 Nf6 4. Nf3 Bf5 5. Bb5+ Nbd7 6. O-O a6 7. Bxd7+ Nxd7 8. d3 e6 9. Qe2 Bg4 10. Nbd2 Bd6 11. h3 Bxf3 12. Nxf3 f6 13. e4 d4 14. Nd2 O-O 15. Nc4 Qc7 16. Qg4 Rae8 17. f4 b5 18. Nxd6 Qxd6 19. Rae1 f5 20. Qg3 b4 21. Re2 fxe4 22. Rxe4 Nf6 23. Re5 Nd5 24. Bc1 Ne7 25. a3 a5 26. a4 Rf6 27. Bd2 Nf5 28. Qe1 Rg6 29. Rxf5 Rxg2+ 30. Kxg2 Qc6+ 31. Kh2 exf5 32. Qg3 Kf7 33. Qg2 Qd7 34. Re1 Rc8 35. Re5 g6 36. Qg5 Re8 37. Qh4 Kg7 38. Rxe8 Qxe8 39. Qe1 Qc6 40. Qe7+ Kh6 41. Qf8+ Kh5 42. Qd8 Kh6 43. Qg5+ Kg7 44. Qg2 Qd7 45. Be1 Qe7 46. Bg3 Qe3 47. Qf1 Qe6 48. Bh4 Qd7 49. Qe2 Kf7 50. Qe5 Qc6 1-0

[Event "Guelph Winter Pro-Am U2000"]
[Site "Guelph CAN"]
[Date "2012.02.10"]
[Round "1"]
[White "Wang, Eric1"]
[Black "Knechtel, Tim"]
[Result "1-0"]
[WhiteElo "1683"]
[BlackElo "1721"]
[PlyCount "91"]
[GameId "2160767909576596"]
[EventDate "2012.02.10"]
[EventType "swiss"]
[EventRounds "5"]
[EventCountry "CAN"]
[SourceTitle "EXT 2022"]
[Source "ChessBase"]
[SourceDate "2021.10.06"]
[SourceVersion "1"]
[SourceVersionDate "2021.10.06"]
[SourceQuality "1"]

1. c4 Nf6 2. Nf3 d6 3. Nc3 Nbd7 4. g3 e5 5. e4 Be7 6. Bg2 c6 7. d3 Qc7 8. O-O h6 9. a3 g5 10. Rb1 Nf8 11. d4 Ng6 12. dxe5 dxe5 13. b4 Be6 14. Qe2 Rg8 15. Bb2 Nd7 16. Rbc1 Rg7 17. Rfd1 Kf8 18. Nd5 Qd8 19. Nxe7 Qxe7 20. c5 Kg8 21. Nd2 Nf4 22. gxf4 gxf4 23. Kh1 Kh7 24. Rg1 Rag8 25. Bf3 f6 26. Rxg7+ Qxg7 27. Qf1 Qg5 28. Bg2 Qh4 29. f3 Rg5 30. Qe1 Qh5 31. Qf2 Nf8 32. Rg1 Ng6 33. Bf1 Rg3 34. Rxg3 fxg3 35. Qxg3 Nf4 36. Bc1 Bh3 37. Bxh3 Nxh3 38. Nf1 Nf4 39. Bxf4 exf4 40. Qxf4 Qf7 41. Qf5+ Kg8 42. Ng3 h5 43. Nxh5 Qc4 44. Qg6+ Kf8 45. Qg7+ Ke8 46. Nxf6+ 1-0

[Event "Guelph Winter Pro-Am U2000"]
[Site "Guelph CAN"]
[Date "2012.02.11"]
[Round "2"]
[White "Chuchin, Sasha"]
[Black "Chen, Richard"]
[Result "1-0"]
[WhiteElo "1650"]
[BlackElo "1784"]
[PlyCount "65"]
[GameId "2160767909576597"]
[EventDate "2012.02.10"]
[EventType "swiss"]
[EventRounds "5"]
[EventCountry "CAN"]
[SourceTitle "EXT 2022"]
[Source "ChessBase"]
[SourceDate "2021.10.06"]
[SourceVersion "1"]
[SourceVersionDate "2021.10.06"]
[SourceQuality "1"]

1. e4 c5 2. Nf3 Nc6 3. d4 cxd4 4. Nxd4 Nf6 5. Nc3 e5 6. Nf3 Bb4 7. Bd2 Bxc3 8. Bxc3 Nxe4 9. Qd5 Nxc3 10. bxc3 O-O 11. O-O-O Qe7 12. Bb5 Re8 13. Rhe1 a6 14. Bc4 h6 15. Nxe5 Qg5+ 16. Kb1 Nxe5 17. Qxf7+ Nxf7 18. Rxe8+ Kh7 19. Bxf7 Qb5+ 20. Ka1 Qc6 21. Rd3 d6 22. Bg8+ Kg6 23. Rg3+ Kf6 24. Rf3+ Kg5 25. Rg3+ Kf6 26. Rf3+ Kg5 27. Rg3+ Kh4 28. Rf8 g5 29. Rf6 g4 30. f4 h5 31. Rg6 Bf5 32. Rh3+ gxh3 33. g3# 1-0

[Event "Guelph Winter Pro-Am U2000"]
[Site "Guelph CAN"]
[Date "2012.02.11"]
[Round "2"]
[White "Cservenyi, Zoltan"]
[Black "Glew, Richard"]
[Result "0-1"]
[WhiteElo "1643"]
[BlackElo "1790"]
[PlyCount "46"]
[GameId "2160767909576598"]
[EventDate "2012.02.10"]
[EventType "swiss"]
[EventRounds "5"]
[EventCountry "CAN"]
[SourceTitle "EXT 2022"]
[Source "ChessBase"]
[SourceDate "2021.10.06"]
[SourceVersion "1"]
[SourceVersionDate "2021.10.06"]
[SourceQuality "1"]

1. d4 Nf6 2. Nf3 g6 3. g3 Bg7 4. Bg2 O-O 5. O-O d5 6. c4 c6 7. cxd5 cxd5 8. Nc3 Nc6 9. a3 Bf5 10. Nh4 Qd7 11. Nxf5 Qxf5 12. e3 Rad8 13. b4 e5 14. dxe5 Nxe5 15. Nb5 Neg4 16. Nd4 Qh5 17. h3 Ne5 18. Qxh5 Nxh5 19. Bb2 Nc4 20. Bc3 Rfe8 21. a4 Nxg3 22. fxg3 Rxe3 23. Rac1 Rxc3 0-1

[Event "Guelph Winter Pro-Am U2000"]
[Site "Guelph CAN"]
[Date "2012.02.11"]
[Round "2"]
[White "Gashgarian, Robert"]
[Black "Forsyth, Barry"]
[Result "1-0"]
[WhiteElo "1946"]
[BlackElo "1667"]
[PlyCount "85"]
[GameId "2160767909576599"]
[EventDate "2012.02.10"]
[EventType "swiss"]
[EventRounds "5"]
[EventCountry "CAN"]
[SourceTitle "EXT 2022"]
[Source "ChessBase"]
[SourceDate "2021.10.06"]
[SourceVersion "1"]
[SourceVersionDate "2021.10.06"]
[SourceQuality "1"]

1. d4 e6 2. Nf3 d5 3. c4 dxc4 4. Nc3 c6 5. a4 a5 6. e4 Nf6 7. Bxc4 Be7 8. O-O h6 9. Qe2 O-O 10. Rd1 Qc7 11. Ne5 Nbd7 12. Bf4 Bd6 13. Nxd7 Nxd7 14. Bxd6 Qxd6 15. e5 Qe7 16. Ne4 Nb6 17. Bd3 Nd5 18. Qf3 f6 19. Nd6 fxe5 20. Nxc8 Raxc8 21. Qe4 Nf6 22. Qxe5 Qf7 23. Rf1 Nd5 24. g3 Qf6 25. Qe4 Rcd8 26. Rad1 Qf5 27. Qe2 Qf6 28. f4 Qxd4+ 29. Kh1 Qf6 30. Rde1 Rf7 31. Qe4 Qf5 32. Qc4 Qg4 33. Re5 Rdf8 34. Be2 Qh3 35. Rh5 Ne3 36. Rxh3 Nxc4 37. Bxc4 Re7 38. Re1 Rf6 39. Rh5 g5 40. fxg5 hxg5 41. Rxg5+ Kf8 42. Rxa5 e5 43. Raxe5 1-0

[Event "Guelph Winter Pro-Am U2000"]
[Site "Guelph CAN"]
[Date "2012.02.11"]
[Round "2"]
[White "Hendon, Lee"]
[Black "Deline, Ralph"]
[Result "0-1"]
[WhiteElo "1635"]
[BlackElo "1783"]
[PlyCount "72"]
[GameId "2160767909576600"]
[EventDate "2012.02.10"]
[EventType "swiss"]
[EventRounds "5"]
[EventCountry "CAN"]
[SourceTitle "EXT 2022"]
[Source "ChessBase"]
[SourceDate "2021.10.06"]
[SourceVersion "1"]
[SourceVersionDate "2021.10.06"]
[SourceQuality "1"]

1. e4 c5 2. Nf3 g6 3. d4 cxd4 4. Nxd4 Nc6 5. c4 Bg7 6. Be3 Nf6 7. Nc3 O-O 8. Be2 d6 9. O-O Bd7 10. Qd2 Nxd4 11. Bxd4 Bc6 12. f3 a5 13. Bd1 a4 14. Bc2 Nd7 15. Bxg7 Kxg7 16. Qd4+ Kg8 17. Nd5 Re8 18. Nb4 Nc5 19. Nxc6 bxc6 20. f4 Ne6 21. Qe3 c5 22. f5 Nd4 23. Bd3 Rb8 24. Rf2 e5 25. Raf1 Rb7 26. f6 Re6 27. h4 Qf8 28. g4 Re8 29. g5 Reb8 30. Rb1 Ne6 31. Rh2 Nf4 32. Bf1 Qc8 33. Qd2 Qg4+ 34. Kh1 Qf3+ 35. Bg2 Qd3 36. Bf1 Qxb1 0-1

[Event "Guelph Winter Pro-Am U2000"]
[Site "Guelph CAN"]
[Date "2012.02.11"]
[Round "2"]
[White "Knechtel, Tim"]
[Black "Gillis, Doug"]
[Result "1/2-1/2"]
[WhiteElo "1721"]
[BlackElo "1604"]
[PlyCount "38"]
[GameId "2160767909576602"]
[EventDate "2012.02.10"]
[EventType "swiss"]
[EventRounds "5"]
[EventCountry "CAN"]
[SourceTitle "EXT 2022"]
[Source "ChessBase"]
[SourceDate "2021.10.06"]
[SourceVersion "1"]
[SourceVersionDate "2021.10.06"]
[SourceQuality "1"]

1. d4 e6 2. Nf3 Nf6 3. e3 d5 4. Bd3 c5 5. b3 Nc6 6. O-O Be7 7. a3 O-O 8. Nbd2 b6 9. Bb2 Bb7 10. Qe2 Rc8 11. Ne5 Nxe5 12. dxe5 Ne4 13. Rad1 f5 14. f4 Nxd2 15. Rxd2 Qe8 16. c4 Rd8 17. cxd5 Bxd5 18. Bb5 Qg6 19. Ba4 Be4 1/2-1/2

[Event "Guelph Winter Pro-Am U2000"]
[Site "Guelph CAN"]
[Date "2012.02.11"]
[Round "2"]
[White "Scott, James"]
[Black "Noritsyn, Sergey"]
[Result "0-1"]
[WhiteElo "1658"]
[BlackElo "1714"]
[PlyCount "76"]
[GameId "2160767909576603"]
[EventDate "2012.02.10"]
[EventType "swiss"]
[EventRounds "5"]
[EventCountry "CAN"]
[SourceTitle "EXT 2022"]
[Source "ChessBase"]
[SourceDate "2021.10.06"]
[SourceVersion "1"]
[SourceVersionDate "2021.10.06"]
[SourceQuality "1"]

1. e4 b6 2. d4 Bb7 3. Nc3 e6 4. Bd3 Bb4 5. Bd2 Nf6 6. Qe2 d5 7. e5 Nfd7 8. Qg4 g6 9. h4 h5 10. Qg3 Nf8 11. Nf3 Nbd7 12. Ng5 Qe7 13. f4 a6 14. Nd1 Bxd2+ 15. Kxd2 c5 16. c3 Rg8 17. Ke3 Nb8 18. Rc1 Nc6 19. a3 Rc8 20. Nf2 Nd7 21. Nf3 Kf8 22. Qh3 Kg7 23. g4 hxg4 24. Qxg4 Kf8 25. Rcg1 Ke8 26. h5 Nf8 27. hxg6 fxg6 28. Nh4 cxd4+ 29. cxd4 Nxd4 30. Bxg6+ Nxg6 31. Nxg6 Qc5 32. Qh5 Nf5+ 33. Ke2 Qe3+ 34. Kf1 Rc1+ 35. Nd1 Qd3+ 36. Ke1 Qe4+ 37. Kf1 Ne3+ 38. Kf2 Rc2+ 0-1

[Event "Guelph Winter Pro-Am U2000"]
[Site "Guelph CAN"]
[Date "2012.02.11"]
[Round "2"]
[White "Von Keitz, Michael"]
[Black "Jordan, John1"]
[Result "1-0"]
[WhiteElo "1666"]
[BlackElo "1729"]
[PlyCount "75"]
[GameId "2160767909576604"]
[EventDate "2012.02.10"]
[EventType "swiss"]
[EventRounds "5"]
[EventCountry "CAN"]
[SourceTitle "EXT 2022"]
[Source "ChessBase"]
[SourceDate "2021.10.06"]
[SourceVersion "1"]
[SourceVersionDate "2021.10.06"]
[SourceQuality "1"]

1. Nf3 d5 2. b3 c5 3. e3 Nc6 4. Bb2 Bg4 5. Be2 e6 6. O-O Nf6 7. c4 Be7 8. Na3 O-O 9. Nc2 Qc7 10. h3 Bh5 11. Nh2 Bg6 12. d3 Rad8 13. f4 Rfe8 14. g4 h6 15. Nf3 dxc4 16. bxc4 b5 17. cxb5 Nb4 18. Nxb4 cxb4 19. Ne5 Nd5 20. Qd2 Bh7 21. Nc6 Rc8 22. Rac1 Bd6 23. Bd4 Qb7 24. e4 Bxf4 25. Rxf4 Nxf4 26. Qxf4 Qxb5 27. Nxa7 Rxc1+ 28. Qxc1 Qa4 29. Qc6 Qxc6 30. Nxc6 Ra8 31. Nxb4 f5 32. gxf5 exf5 33. e5 f4 34. Bf3 Rb8 35. Bd5+ Kf8 36. Bc5+ Ke8 37. d4 g5 38. e6 1-0

[Event "Guelph Winter Pro-Am U2000"]
[Site "Guelph CAN"]
[Date "2012.02.11"]
[Round "2"]
[White "Yu, Patrick"]
[Black "Bond, Hal"]
[Result "0-1"]
[WhiteElo "1699"]
[BlackElo "1815"]
[PlyCount "118"]
[GameId "2160767909576605"]
[EventDate "2012.02.10"]
[EventType "swiss"]
[EventRounds "5"]
[EventCountry "CAN"]
[SourceTitle "EXT 2022"]
[Source "ChessBase"]
[SourceDate "2021.10.06"]
[SourceVersion "1"]
[SourceVersionDate "2021.10.06"]
[SourceQuality "1"]

1. e4 Nf6 2. e5 Nd5 3. d4 d6 4. c4 Nb6 5. exd6 cxd6 6. Nc3 g6 7. Nf3 Bg7 8. h3 Nc6 9. Be3 O-O 10. Be2 e5 11. d5 Ne7 12. O-O Nf5 13. Bd3 Nxe3 14. fxe3 Bd7 15. Rc1 Rc8 16. Ne4 Qe7 17. c5 dxc5 18. d6 Qe8 19. Nxc5 Bc6 20. Re1 Bh6 21. Nh2 f5 22. b4 Nd7 23. Bc4+ Kh8 24. Ne6 Rf6 25. Nc7 Qd8 26. Nf1 Ba4 27. Bb3 Bxb3 28. axb3 Bf8 29. Qd2 Rxd6 30. Nd5 Rxc1 31. Qxc1 Re6 32. Qc4 Re8 33. Nc3 Nb6 34. Qf7 Qe7 35. Qxe7 Bxe7 36. b5 Rc8 37. Ne2 Rc5 38. Rc1 Nd5 39. Rxc5 Bxc5 40. Kf2 f4 41. Kf3 Nxe3 42. Nxe3 fxe3 43. Ke4 Bd4 44. Kd5 Kg7 45. Ke6 b6 46. Kd6 Kf6 47. Kd5 h5 48. g3 g5 49. b4 g4 50. h4 Bb2 51. Ng1 Bc3 52. Ne2 Bxb4 53. Kc4 Be1 54. Kd5 Bf2 55. Kc6 Ke7 56. Kb7 Kd6 57. Kxa7 Ke7 58. Kxb6 Kd7 59. Kc5 Ke7 0-1

[Event "Guelph Winter Pro-Am U2000"]
[Site "Guelph CAN"]
[Date "2012.02.11"]
[Round "2"]
[White "Zhang, John"]
[Black "Wang, Eric1"]
[Result "1-0"]
[WhiteElo "1764"]
[BlackElo "1683"]
[PlyCount "163"]
[GameId "2160767909576606"]
[EventDate "2012.02.10"]
[EventType "swiss"]
[EventRounds "5"]
[EventCountry "CAN"]
[SourceTitle "EXT 2022"]
[Source "ChessBase"]
[SourceDate "2021.10.06"]
[SourceVersion "1"]
[SourceVersionDate "2021.10.06"]
[SourceQuality "1"]

1. e4 c5 2. Nf3 Nc6 3. d4 cxd4 4. Nxd4 Nf6 5. Nc3 e5 6. Ndb5 d6 7. Bg5 a6 8. Na3 b5 9. Nd5 Be7 10. Bxf6 Bxf6 11. c4 b4 12. Nc2 Rb8 13. Qf3 Bg5 14. Be2 Be6 15. O-O O-O 16. Rad1 Qa5 17. Qd3 f5 18. Bf3 f4 19. a3 Qd8 20. b3 a5 21. Qe2 Qd7 22. c5 Qf7 23. cxd6 Rfd8 24. Bg4 Kh8 25. Bxe6 Qxe6 26. Qh5 Bh6 27. Rd3 Rxd6 28. Rfd1 Rdd8 29. Ne1 Qg6 30. Qxg6 hxg6 31. Nf3 g5 32. h3 g6 33. Rc1 Rbc8 34. Nxf4 exf4 35. Rxd8+ Rxd8 36. Rxc6 Rd3 37. Rxg6 Bg7 38. Rxg5 Rxb3 39. Rb5 Bc3 40. e5 Rxa3 41. e6 Kg7 42. Rf5 Bf6 43. Nd2 Ra4 44. Nb3 Bd8 45. Rf7+ Kg6 46. e7 Bxe7 47. Rxe7 Ra3 48. Nc5 b3 49. Rb7 a4 50. Nxa4 Rxa4 51. Rxb3 Kg5 52. Kf1 Ra7 53. Ke2 Re7+ 54. Kf3 Re5 55. Rb4 Rc5 56. h4+ Kxh4 57. Rxf4+ Kg5 58. Re4 Kf5 59. g4+ Kg5 60. Kg3 Rc3+ 61. Re3 Rc4 62. f4+ Kf6 63. Re5 Rc3+ 64. Kh4 Rc1 65. g5+ Kg6 66. f5+ Kf7 67. Re3 Rc5 68. Kg4 Rc4+ 69. Kf3 Rc5 70. Kf4 Rc4+ 71. Re4 Rc1 72. g6+ Kf8 73. f6 Rf1+ 74. Kg5 Rg1+ 75. Rg4 Rd1 76. Rf4 Rg1+ 77. Kf5 Ra1 78. Re4 Rf1+ 79. Ke6 Rg1 80. g7+ Kg8 81. Ke7 Ra1 82. f7+ 1-0

[Event "Guelph Winter Pro-Am U2000"]
[Site "Guelph CAN"]
[Date "2012.02.11"]
[Round "2"]
[White "Zotkin, Daniel"]
[Black "Ali, Shafkat"]
[Result "1-0"]
[WhiteElo "1766"]
[BlackElo "1658"]
[PlyCount "113"]
[GameId "2160767909576607"]
[EventDate "2012.02.10"]
[EventType "swiss"]
[EventRounds "5"]
[EventCountry "CAN"]
[SourceTitle "EXT 2022"]
[Source "ChessBase"]
[SourceDate "2021.10.06"]
[SourceVersion "1"]
[SourceVersionDate "2021.10.06"]
[SourceQuality "1"]

1. b3 e5 2. Bb2 Nc6 3. e3 d5 4. Bb5 Bd6 5. f4 Qh4+ 6. g3 Qe7 7. Nf3 f6 8. fxe5 fxe5 9. Bxc6+ bxc6 10. Nxe5 Nf6 11. Nd3 O-O 12. O-O Bh3 13. Bxf6 Rxf6 14. Rxf6 Qxf6 15. Nc3 g5 16. Qh5 Be6 17. Rf1 Qg7 18. Qe2 Re8 19. Nf2 d4 20. Nce4 dxe3 21. dxe3 h5 22. Qxh5 Bf7 23. Qxg5 Qxg5 24. Nxg5 Bg6 25. e4 Bc5 26. Kh1 Rf8 27. Kg2 Be3 28. Nfh3 Rd8 29. Nf4 Be8 30. Kf3 Bb6 31. Ke2 Bd7 32. h3 Re8 33. Kf3 Bc8 34. Rd1 Kg7 35. h4 c5 36. c4 a6 37. Nd5 Rf8+ 38. Kg2 Ba5 39. Rf1 Rxf1 40. Kxf1 c6 41. Ne7 Bd7 42. e5 Bc3 43. e6 Be8 44. Nf5+ Kg8 45. Nd6 Kf8 46. Nxe8 Kxe8 47. Ne4 Bd4 48. g4 Ke7 49. Ng5 a5 50. a4 Bb2 51. Ke2 Ba1 52. Kf3 Bd4 53. Kf4 Bf2 54. h5 Be1 55. Kf5 Bc3 56. h6 Bb2 57. Nf7 1-0

[Event "Guelph Winter Pro-Am U2000"]
[Site "Guelph CAN"]
[Date "2012.02.11"]
[Round "3"]
[White "Bond, Hal"]
[Black "Chuchin, Sasha"]
[Result "1-0"]
[WhiteElo "1815"]
[BlackElo "1650"]
[PlyCount "41"]
[GameId "2160767909576608"]
[EventDate "2012.02.10"]
[EventType "swiss"]
[EventRounds "5"]
[EventCountry "CAN"]
[SourceTitle "EXT 2022"]
[Source "ChessBase"]
[SourceDate "2021.10.06"]
[SourceVersion "1"]
[SourceVersionDate "2021.10.06"]
[SourceQuality "1"]

1. e4 e5 2. f4 Bc5 3. Nf3 d6 4. Bc4 Nf6 5. d3 Nc6 6. f5 d5 7. Bb5 Qd6 8. Qe2 O-O 9. Nc3 Nd4 10. Nxd4 exd4 11. Nxd5 Nxd5 12. exd5 Qxd5 13. O-O Bxf5 14. Bc4 Qd7 15. Qe5 Bxd3 16. Bxd3 Bd6 17. Qh5 g6 18. Qf3 f5 19. Qd5+ Kg7 20. Qxd4+ Rf6 21. Bh6+ 1-0